Brokeri a investori ako sa obchodníci s cennými papiermi starajú o svojich klientov
Ako fungujú služby poskytované brokerskými firmami klientom - manažment individuálnych portfólií, finančné poradenstvo, nákup definovaných portfólií, nákup podielových fondov, blueprint program.
Gespeichert in:
| 1. Verfasser: | |
|---|---|
| Format: | Buchkapitel |
| Sprache: | Slowakisch |
| Schlagworte: | |
| Tags: |
Keine Tags, Fügen Sie das erste Tag hinzu!
|
MARC
| LEADER | 00000naa a2200000 4500 | ||
|---|---|---|---|
| 001 | r045213 | ||
| 005 | 20230925125628.6 | ||
| 041 | 0 | |a slo | |
| 044 | |a SK | ||
| 245 | 1 | 0 | |a Brokeri a investori |b ako sa obchodníci s cennými papiermi starajú o svojich klientov |c Vladimír Baláž |
| 520 | |a Ako fungujú služby poskytované brokerskými firmami klientom - manažment individuálnych portfólií, finančné poradenstvo, nákup definovaných portfólií, nákup podielových fondov, blueprint program. | ||
| 610 | 2 | 0 | |a makléri |
| 610 | 2 | 0 | |a investori |
| 610 | 2 | 0 | |a trh finančný |
| 610 | 2 | 0 | |a papiere cenné |
| 610 | 2 | 0 | |a poradenstvo |
| 610 | 2 | 0 | |a portfólio |
| 610 | 2 | 0 | |a služby finančné |
| 100 | 1 | |a Baláž, Vladimír | |